Samajtattvar agrani chintabidsakalar siddhanta. (Record no. 684)

MARC details
000 -LEADER
fixed length control field 00617cam a2200229ua 4500
001 - CONTROL NUMBER
control field 758
005 - DATE AND TIME OF LATEST TRANSACTION
control field 20260515113224.0
008 - FIXED-LENGTH DATA ELEMENTS--GENERAL INFORMATION
fixed length control field 110419n ii |||gr||||Z||||||eng
020 ## - INTERNATIONAL STANDARD BOOK NUMBER
International Standard Book Number 81-7339-353-2
040 ## - CATALOGING SOURCE
Transcribing agency MAIN
082 ## - DEWEY DECIMAL CLASSIFICATION NUMBER
Classification number 301
245 1# - TITLE STATEMENT
Title Samajtattvar agrani chintabidsakalar siddhanta.
Statement of responsibility, etc. By Gyasuddin Ahmed.
250 ## - EDITION STATEMENT
Edition statement 1st.
260 ## - PUBLICATION, DISTRIBUTION, ETC.
Place of publication, distribution, etc. Dibrugarh.:
Name of publisher, distributor, etc. Banalata.,
Date of publication, distribution, etc. 2009.
300 ## - PHYSICAL DESCRIPTION
Extent 175 p.:5 cm.
653 ## - INDEX TERM--UNCONTROLLED
Uncontrolled term Political science.
653 ## - INDEX TERM--UNCONTROLLED
Uncontrolled term Sociology.
653 ## - INDEX TERM--UNCONTROLLED
Uncontrolled term Samajtattvar agrani chintabidsakalar siddhanta.
700 1# - ADDED ENTRY--PERSONAL NAME
Personal name Ahmed, Gyasuddin.,
700 1# - ADDED ENTRY--PERSONAL NAME
Personal name Borgohain, Himanta.,
942 ## - ADDED ENTRY ELEMENTS (KOHA)
Koha item type Books
Holdings
Withdrawn status Lost status Damaged status Not for loan Home library Current library Shelving location Date acquired Total checkouts Full call number Barcode Date last seen Date last checked out Copy number Price effective from Koha item type
        Naharkatiya College Library Naharkatiya College Library General stacks 09/19/2020 3 301 | AHM 19810 06/19/2024 06/12/2024 1 09/19/2020 Books